| 000 | nam a22 7a 4500 | ||
|---|---|---|---|
| 999 |
_c234555 _d234555 |
||
| 003 | Nust | ||
| 005 | 20170322170920.0 | ||
| 008 | 170322b xxu||||| |||| 00| 0 eng d | ||
| 020 | _a9780755339181 | ||
| 040 | _cNust | ||
| 082 |
_a823 _bSCA |
||
| 100 | _a Scarrow, Simon | ||
| 245 |
_aThe fields of death/ _cby Simon Scarrow |
||
| 260 |
_aUK: _bHeadline publishing _c2010 |
||
| 300 | _a597p. | ||
| 650 |
_aEmperors _vFiction |
||
| 942 |
_2ddc _cBK |
||